000 00570nam a2200217Ia 4500
003 OSt
005 20220928135335.0
006 a|||||r|||| 00| 0
007 ta
008 220927b |||||||| |||| 00| 0 eng d
024 _a1255
037 _cTextual
040 _aSDCL
_cSDCL
_beng
041 _2eng
_aeng
082 _aX:31.58 'N7, L7
100 _aMehta Vinod
_9392616
245 0 _aSoviet economic policy
_b Income differentials in USSR
260 _c1977
942 _hX:31.58 'N7, L7
_cTEXL
_2CC
999 _c805153
_d805153